| 000 -LEADER |
| fixed length control field |
01204nam a2200301 a 4500 |
| 001 - CONTROL NUMBER |
| control field |
:::00010971$&:&@@ |
| 003 - CONTROL NUMBER IDENTIFIER |
| control field |
OkBaRHE |
| 005 - DATE AND TIME OF LATEST TRANSACTION |
| control field |
20000607103404.0 |
| 008 - FIXED-LENGTH DATA ELEMENTS--GENERAL INFORMATION |
| fixed length control field |
s1979 j 000 0 eng u |
| 020 ## - INTERNATIONAL STANDARD BOOK NUMBER |
| International Standard Book Number |
089107175X |
| 040 ## - CATALOGING SOURCE |
| Transcribing agency |
|
| 040 ## - CATALOGING SOURCE |
| Original cataloging agency |
CaOONL |
| 100 1# - MAIN ENTRY--PERSONAL NAME |
| Personal name |
Packer, J. I. (James Innell) |
| 245 10 - TITLE STATEMENT |
| Title |
Knowing man |
| Statement of responsibility, etc |
J.I. Packer. |
| 260 ## - PUBLICATION, DISTRIBUTION, ETC. (IMPRINT) |
| Place of publication, distribution, etc |
Westchester, Ill. |
| Name of publisher, distributor, etc |
Crossway Books |
| Date of publication, distribution, etc |
1979 |
| 300 ## - PHYSICAL DESCRIPTION |
| Extent |
104 p. ; |
| Dimensions |
21 cm. |
| 650 ## - SUBJECT ADDED ENTRY--TOPICAL TERM |
| Topical term or geographic name as entry element |
Homme (Théologie chrétienne) |
| General subdivision |
Discours, essais, conférences. |
| 650 ## - SUBJECT ADDED ENTRY--TOPICAL TERM |
| Topical term or geographic name as entry element |
Humanism |
| General subdivision |
Addresses, essays, lectures. |
| 650 ## - SUBJECT ADDED ENTRY--TOPICAL TERM |
| Topical term or geographic name as entry element |
Humanisme |
| General subdivision |
Discours, essais, conférences. |
| 650 ## - SUBJECT ADDED ENTRY--TOPICAL TERM |
| Topical term or geographic name as entry element |
Man (Christian theology) |
| General subdivision |
Addresses, essays, lectures. |
| 650 ## - SUBJECT ADDED ENTRY--TOPICAL TERM |
| Topical term or geographic name as entry element |
Secularism |
| General subdivision |
Addresses, essays, lectures. |
| 650 ## - SUBJECT ADDED ENTRY--TOPICAL TERM |
| Topical term or geographic name as entry element |
Secularism |
| General subdivision |
Great Britain |
| -- |
Addresses, essays, lectures. |
| 650 ## - SUBJECT ADDED ENTRY--TOPICAL TERM |
| Topical term or geographic name as entry element |
Sécularisme |
| General subdivision |
Discours, essais, conférences. |
| 650 ## - SUBJECT ADDED ENTRY--TOPICAL TERM |
| Topical term or geographic name as entry element |
Sécularisme |
| General subdivision |
Grande-Bretagne |
| -- |
Discours, essais, conférences. |
| 942 ## - ADDED ENTRY ELEMENTS (KOHA) |
| Source of classification or shelving scheme |
|
| Koha item type |
Books |